00472nas a22001577a 4500001000400000003000800004005001700012008003900029035001400068040002100082245006400103260006100167300001700228650002200245710004700267487BD-RjUL20211208233204.0131118c19959999bg an p 000 0 mul a(BD-RjUL) aBD-RjULcBD-RjUL aA Research JournalcFaculty of Arts, University of Rajshahi aRajshahi :bFaculty of Arts, Rajshahi University,c1995- aV. ;c21 cm. aArtsvPeriodicals aUniversity of Rajshahib (Faculty of Arts)